Eliciting public support for wildlife conservation (Record no. 498650)

000 -LEADER
fixed length control field 00351cam a22001097a 4500
008 - FIXED-LENGTH DATA ELEMENTS--GENERAL INFORMATION
fixed length control field 180718b1983 xxu||||| |||| 00| 0 eng d
082 ## - DEWEY DECIMAL CLASSIFICATION NUMBER
Classification number Y7x54 In2
245 ## - TITLE STATEMENT
Title Eliciting public support for wildlife conservation
Statement of responsibility, etc. by Department of Environment, India
260 ## - PUBLICATION, DISTRIBUTION, ETC.
Place of publication, distribution, etc. New Delhi
Name of publisher, distributor, etc. Lok Sabha
Date of publication, distribution, etc. 1983
300 ## - PHYSICAL DESCRIPTION
Extent 80+p.
700 ## - ADDED ENTRY--PERSONAL NAME
Personal name India.Department of Environmen
Holdings
Withdrawn status Lost status Damaged status Not for loan Permanent Location Current Location Date acquired Full call number Barcode Date last seen Price effective from Koha item type
        Indian Institute of Public Administration Indian Institute of Public Administration 2018-08-04 Y7x54 In2 GG20002 2018-08-04 2018-08-04 GG

Powered by Koha